| 000 | 00513cam a22001457a 4500 | ||
|---|---|---|---|
| 008 | 180718b1999 xxu||||| |||| 00| 0 eng d | ||
| 100 | _aReinikka, Ritva | ||
| 245 |
_aHow inadequate provison of public infrastructure and services affects private investment _cby Ritva Reinikka and Jakob Svensson |
||
| 260 |
_aWashington, D.C. _bWorld Bank _c1999 |
||
| 300 | _a18p. | ||
| 440 | _aPolicy research working paper 2262 | ||
| 650 | _aPrivate investment | ||
| 650 | _aPublic infrastructure | ||
| 700 | _aSevensson, Jakob | ||
| 999 |
_c283108 _d283108 |
||